000 01413cam a2200133 4500500
005 20251214002818.0
041 _afre
042 _adc
100 1 0 _aGodart, Elsa
_eauthor
245 0 0 _aLes Vies vides : Notre besoin de reconnaissance est impossible à rassasier
260 _bArmand Colin,
_c2023.
520 _aDe l’anonyme le plus discret au professeur le plus admiré, nombre d’entre nous cherche son quart d’heure de gloire. Ce penchant, exposé, exploité et nourri par la présence des médias et des réseaux sociaux dans notre quotidien devient un phénomène de société majeur. Quelle est l’origine de ce besoin de visibilité, de cette quête insatiable de notoriété, de cette soif inextinguible de reconnaissance ? Après quoi court ce monde qui tourne autour de la popularité ?Pour répondre à ces questions, Elsa Godart en appelle à la philosophie. Elle sonde les caractéristiques typiques d’une époque exhibitionniste et développe l’idée selon laquelle cette quête de célébrité, et plus largement de « reconnaissance », cache le vide de nos vies, nos manques-à-être, nos absences, nos vacuités, nos disparitions, nos oublis et nos contresens. Mais plutôt que de chercher à exister à tout prix, ne serait-il pas temps de recommencer à vivre ?
856 4 1 _uhttps://shs.cairn.info/les-vies-vides--9782200633844?lang=fr&redirect-ssocas=7080
999 _c1567499
_d1567499